000 00795nam a2200241Ia 4500
003 OSt
005 20220923215939.0
006 a|||||r|||| 00| 0
007 ta
008 220922b |||||||| |||| 00| 0 hin d
024 _a183,097
037 _cTextual
040 _aARTS
_cARTS
_bhin
041 _2hin
_ahin
082 _aO152,1N177x, N1
100 _aमुक्तिबोध
245 0 _aकविताएं, संपा - त्रिलोचन शास्त्री
246 _aKavitāean, sanpā0 - trilochan shāstrī
260 _aनई दिल्ली
_b साहित्य अकादेमी
_c1991
300 _a191 पृ.
_ccm.
942 _hO152,1N177x, N1
_cTEXL
_2CC
999 _c336433
_d336433